Former MLB Stadiums - Statistics

General Stats
  • This quiz has been taken 83 times
    51 since last reset
  • The average score is 8 of 14
Answer Stats
Stadium Team % Correct
Astrodome Astros
100%
Comiskey Park White Sox
78%
Polo Grounds Giants
70%
Ebbets Field Dodgers
68%
Kingdome Mariners
65%
Fulton County Stadium Braves
63%
Olympic Stadium Expos
60%
Metropolitan Stadium Twins
53%
Jack Murphy Stadium Padres
45%
Shibe Park/Connie Mack Stadium Athletics/Phillies
43%
Crosley Field Reds
43%
Pro Player Stadium Marlins
38%
Forbes Field Pirates
35%
West Side Grounds Cubs
25%
No matching quizzes found
Score Distribution
Percent of People with Each Score
Percentile by Number Answered
Your Score History
You have not taken this quiz since the last reset